Život v starém Římě : pro potřebu středních škol /

Main Author: Groh, Vladimír, 1895-1941
Language: Czech
Published: Praha : Jednota českých filologů, 1936
Physical Description: 162 s., 56 příl. : 1 plán ; 8°
Book
Saved in:
LEADER 00707nam a22002172a 4500
001 000097695
003 CZ BrMZK
005 20140313140205.0
007 ta
008 950101s1936 xr f f cze d
015 |a cnb000743894 
035 |a (OCoLC)85169943 
040 |a BOA001  |b cze 
100 1 |a Groh, Vladimír,  |d 1895-1941  |7 jk01032712  |4 aut 
245 1 0 |a Život v starém Římě :  |b pro potřebu středních škol /  |c Vladimír Groh 
260 |a Praha :  |b Jednota českých filologů,  |c 1936 
300 |a 162 s., 56 příl. :  |b 1 plán ;  |c 8° 
910 |a BOA001  |b 2-0497.358 
990 |a BK 
991 |b 201401 
996 6 |b 2619987152  |c 2-0497.358  |l MZK  |r Sklad / do 24 hodin  |n 3  |w 000097695  |u 000010  |a 1  |e BOA001  |j MZK50  |s P